English Vocabulary in use elementary : (Record no. 524)
[ view plain ]
| 000 -LEADER | |
|---|---|
| fixed length control field | 00700nam a2200241 a 4500 |
| 001 - CONTROL NUMBER | |
| JCCL Control Number | 524 |
| 003 - CONTROL NUMBER IDENTIFIER | |
| JCCL marc code | BD-JhCC |
| 005 - DATE AND TIME OF LATEST TRANSACTION | |
| control field | 20171012094200.0 |
| 008 - FIXED-LENGTH DATA ELEMENTS--GENERAL INFORMATION | |
| fixed length control field | 171005b2010 bg a|||| ||a| 001 0 eng d |
| 020 ## - INTERNATIONAL STANDARD BOOK NUMBER | |
| International Standard Book Number | 9781107688872 |
| 035 ## - SYSTEM CONTROL NUMBER | |
| system control number | (BD-JhCC)524 |
| 040 ## - CATALOGING SOURCE | |
| Original cataloging agency | BD-JhCC |
| Modifying agency | BD-JhCC |
| 041 ## - LANGUAGE CODE | |
| Language code of Book | eng |
| 082 ## - DEWEY DECIMAL CLASSIFICATION NUMBER | |
| DDC Edition number | 22 |
| Classification number | 428.24 |
| Author mark and Year | MCC 2010 |
| 100 ## - MAIN ENTRY--PERSONAL NAME | |
| Personal name | McCarthy, Michael |
| 245 ## - TITLE STATEMENT | |
| Title | English Vocabulary in use elementary : |
| Remainder of title | vocabulary reference and practice / |
| Statement of responsibility, etc | Michael McCarthy Felicity O'Dell |
| 260 ## - PUBLICATION, DISTRIBUTION, ETC. (IMPRINT) | |
| Place of publication, distribution, etc | India : |
| Name of publisher, distributor, etc | Cambridge University Press, |
| Date of publication, distribution, etc | 2010 |
| 300 ## - PHYSICAL DESCRIPTION | |
| Pagination | 174 p. : |
| Dimensions | 26 cm. |
| 650 ## - SUBJECT ADDED ENTRY--TOPICAL TERM | |
| Topical term or geographic name as entry element | Vocabulary |
| General subdivision | English Lunguages |
| 700 ## - ADDED ENTRY--PERSONAL NAME | |
| Personal name | O'Dell, Felicity |
| 942 ## - ADDED ENTRY ELEMENTS (KOHA) | |
| Source of classification or shelving scheme | Dewey Decimal Classification |
| Koha item type | Books |
| Source of classification or shelving scheme | Damaged status | Not for loan | Home library | Current library | Shelving location | Date of accession | Total Checkouts | Full call number | Barcode | Date last seen | Copy number | Koha item type |
|---|---|---|---|---|---|---|---|---|---|---|---|---|
| Dewey Decimal Classification | JCC Rouf Library | JCC Rouf Library | General Stacks | 10/05/2017 | 428.24 MIC 2010 | 1208 | 10/05/2017 | C-1 | Books |